| 000 | 00740cam a2200217 4500 | ||
|---|---|---|---|
| 082 | 0 | 0 |
_a337.7 _bEHR _cN.01-P-156 |
| 100 | 1 |
_aEhrlich, Paul R. _93627 |
|
| 245 | 1 | 0 |
_aPopulation, resources, environment; _bissues in human ecology _c[by] Paul R. Ehrlich [and] Anne H. Ehrlich. |
| 250 | _a2d ed. | ||
| 260 |
_aSan Francisco, _bW. H. Freeman _c[1972] |
||
| 300 |
_a383 P, _c25 cm. |
||
| 490 | 0 | _aA Series of books in biology | |
| 500 | _aThird ed. published in 1977 under title: Ecoscience. | ||
| 526 |
_a0 _b0 _c0 _d337_700000000000000_EHR |
||
| 526 |
_a0 _b0 _c0 _d337_700000000000000_EHR |
||
| 650 | 0 | _aHuman ecology. | |
| 650 | 0 |
_aPollution. _92629 |
|
| 650 | 0 |
_aPopulation. _93628 |
|
| 700 | 1 |
_aEhrlich, Anne H., _942720 |
|
| 942 |
_2ddc _cBK |
||
| 999 |
_c546569 _d546569 |
||